|
|
|
|
| LEADER |
00000nam0a2200000 4500 |
| 001 |
64718 |
| 005 |
20231031065902.0 |
| 010 |
|
|
|a 594887012X
|
| 035 |
|
|
|a (RuTPU)RU\TPU\book\68675
|
| 090 |
|
|
|a 64718
|
| 100 |
|
|
|a 20040607d2004 m y0rusy50 ca
|
| 101 |
0 |
|
|a rus
|
| 102 |
|
|
|a RU
|
| 105 |
|
|
|a y z 000ay
|
| 200 |
1 |
|
|a Обман
|e роман
|f А. Бялко
|
| 210 |
|
|
|a Москва
|c Октопус
|d 2004
|
| 215 |
|
|
|a 270 с.
|
| 330 |
|
|
|a Роман - попытка ответить на несколько вечных вопросов сразу. Нужно ли быть богатым, чтобы стать счастливым? Что такое счастье вообще и женское счастье в особенности? Можно ли справиться со своей судьбой, если подойти к делу всерьез, и что может из этого получиться? В книге нет однозначных ответов на эти вопросы, но каждый найдет в ней что-то для себя.
|
| 610 |
1 |
|
|a русская литература
|
| 610 |
1 |
|
|a романы
|
| 610 |
1 |
|
|a любовные романы
|
| 675 |
|
|
|a Р2
|v 3
|
| 700 |
|
1 |
|a Бялко
|b А.
|g Анна
|
| 801 |
|
1 |
|a RU
|b 63413507
|c 20040607
|g PSBO
|
| 801 |
|
2 |
|a RU
|b 63413507
|c 20101209
|g PSBO
|
| 942 |
|
|
|c BK
|